Puente y Brañas, Ricardo (Record no. 162681)

MARC details
000 -LEADER
campo de control de longitud fija 00831nam a2200181 i 4500
001 - NÚMERO DE CONTROL
campo de control 162681
003 - IDENTIFICADOR DE NÚMERO DE CONTROL
campo de control ES-MaACL
005 - FECHA Y HORA DE LA ÚLTIMA TRANSACCIÓN
campo de control 20230906212559.0
008 - DATOS DE LONGITUD FIJA--INFORMACIÓN GENERAL
campo de control de longitud fija 050616s1873 sp |||| | spa d
040 ## - FUENTE DE CATALOGACIÓN
Centro catalogador/agencia de origen CAM
Lengua de catalogación spa
Centro/agencia transcriptor CAM
100 1# - ENTRADA PRINCIPAL--NOMBRE DE PERSONA
Nombre de persona Puente y Brañas, Ricardo.
9 (RLIN) 94166
245 10 - MENCIÓN DEL TÍTULO
Título Puente y Brañas, Ricardo
Resto del título : zarzuela en tres actos /
Mención de responsabilidad, etc. arreglada en verso á la escena española y a lamúsica del maestro Lecoq por Ricardo Puente y Brañas.
260 ## - PUBLICACIÓN, DISTRIBUCIÓN, ETC.
Lugar de publicación, distribución, etc. Madrid :
Nombre del editor, distribuidor, etc. [s.n.],
Fecha de publicación, distribución, etc. 1873 (
Lugar de fabricación/manufactura Madrid :
Fabricante Imprenta de José Rodriguez)
300 ## - DESCRIPCIÓN FÍSICA
Extensión 93 p. ;
Dimensiones 19 cm.
500 ## - NOTA GENERAL
Nota general Estrenada en el Teatro de la Zarzuela, la noche del 6 de diciembre de 1873.
852 ## - LOCALIZACIÓN
Ubicación ES-MaACL
Número de control de estantería F-2488(1)
Nota libre -- Enc. hol.
-- -- Legado M. de la Fuente
condición física -- Falto de la cub. original
Nota libre -- Enc. con otras obras formando una col. facticia
Holdings
Estatus retirado Estado de pérdida Estado de daño No para préstamo Colección Biblioteca de origen Biblioteca actual Ubicación en estantería Fecha de adquisición Fuente de adquisición Total de préstamos Signatura topográfica completa Código de barras Visto por última vez Precio de reemplazo Tipo de ítem Koha
        Libros del s. XIX Biblioteca del Ateneo de Madrid Biblioteca del Ateneo de Madrid Depósito 2 17/01/2008     F-2488(1) 1170436 23/02/2023 23/02/2023 Libro impreso antiguo